Départements français (10-19) - Statistiques

Statistiques générales
  • Ce quiz a été pris 44 fois
  • Le résultat moyen est 9 sur 10
Statistiques - réponses
Hint Réponse % Correct
13 Bouches-du-Rhône
95%
10 Aube
92%
11 Aude
89%
14 Calvados
89%
16 Charente
89%
17 Charente maritime
89%
12 Aveyron
87%
18 Cher
84%
15 Cantal
79%
19 Corrèze
74%
Aucun quiz correspondant
Distribution des résultats
% des personnes avec chaque résultat
Percentile par nombre de réponses
Votre historique - résultats
Vous n’avez pas pris ce quiz